00692nam a2200241 a 4500001001300000003000900013005001700022008004100039020001000080082001700090100001200107245003100119260003800150300000900188500003500197505003400232650002200266700001200288902000800300942000700308952011800315999001700433nice12345678IN_TiNIC20260116013724.0050524s1987 dela grp 000 0 eng  ac10000a297.63bAMI1 aAmin, M aWisdom of Prophet Muhammad aDelhibIslamic Book Servicec1987 a202p aincludes index and biblioraphy2 aAppendix, Bibliography, Index aMuhammad, Prophet1 aAmin, M bSRS cBK 001040708StackRoom-aHMIbHMId2007-07-09g100.00l0o297.63 AMI1p018097r2007-07-09v100.00w2005-05-24yBK c12152d12152